[Event "Yeovil op"]
[Site "Yeovil"]
[Date "2007.06.16"]
[Round "3"]
[White "Constable, John"]
[Black "Dimond, Peter"]
[Result "0-1"]
[WhiteElo "1368"]
[BlackElo "1408"]
[PlyCount "118"]
[EventDate "2007.06.15"]
[EventType "swiss"]
[EventRounds "5"]
[EventCountry "ENG"]
[SourceTitle "CBM 119 Extra"]
[Source "ChessBase"]
[SourceDate "2007.09.04"]
[SourceVersion "1"]
[SourceVersionDate "2007.09.04"]
[SourceQuality "1"]

1. Nf3 Nf6 2. c4 g6 3. g3 Bg7 4. Bg2 0-0 5. 0-0 d5 6. Nc3 dxc4 7. Ne5 c6 8. Nxc4 Be6 9. b3 Nd5 10. Bb2 b5 11. Nxd5 Bxd5 12. Bxg7 Kxg7 13. Ne3 Na6 14. Qc2 Rc8 15. Rac1 Kg8 16. Qb2 Qd7 17. Qd4 Rfd8 18. Ng4 f6 19. Ne3 Bxg2 20. Qxd7 Rxd7 21. Kxg2 Rxd2 22. Rc2 Rxc2 23. Nxc2 c5 24. Rd1 Nb8 25. Ne3 Kf8 26. f4 Ke8 27. Nd5 Nc6 28. e4 Kf7 29. Nc3 a6 30. Kf2 Nd4 31. Ke3 Rd8 32. Nd5 e6 33. Nc7 Nf5+ 34. Ke2 Nd4+ 35. Ke3 Rd6 36. Rc1 Rc6 37. Nxa6 Rxa6 38. Rxc5 Rd6 39. Rc7+ Kg8 40. g4 g5 41. e5 gxf4+ 42. Kxf4 fxe5+ 43. Kxe5 Rd8 44. Kf6 Rf8+ 45. Kg5 Rf7 46. Rc8+ Kg7 47. h4 e5 48. Re8 Nf3+ 49. Kh5 Kf6 50. Rb8 Nd4 51. Rb6+ Kg7 52. g5 Re7 53. Kg4 e4 54. h5 e3 55. h6+ Kf7 56. Rf6+ Kg8 57. g6 e2 58. g7 Rf7 59. Ra6 Rxg7+ 0-1